| Поле | Инд. | ПП | Название | Значение |
|---|---|---|---|---|
| Тип записи | a | |||
| Библиографический уровень | m | |||
| 001 | Контрольный номер | 51a117eb1e97466ca8836559c8be300d | ||
| 005 | Дата корректировки | 20241226111600.4 | ||
| 020 | a | ISBN | 978-5-9909805-1-8 | |
| c | Цена, тираж | 135-08 | ||
| 040 | b | Код языка каталог. | rus | |
| e | Правила каталог. | PSBO | ||
| 041 | 0_ | a | Код языка текста | rus |
| 080 | a | Индекс УДК | 004.42 | |
| 084 | a | Индекс другой классификации/Индекс ББК | 32.973 | |
| 090 | a | Полочн. индекс | 681.3 | |
| c | Каталожный индекс | 681.3.06 | ||
| x | Авторский знак | М15 | ||
| 097 | b | Оператор | 02 | |
| 100 | 1_ | a | Автор | Макконнелл С. |
| 245 | 10 | a | Заглавие | Совершенный код |
| b | Продолж. заглавия | практическое руководство по разработке программного обеспечения | ||
| c | Ответственность | пер. с англ. | ||
| 250 | a | Основные сведения об издании | [2-е изд.] | |
| 260 | a | Место издания | Санкт-Петербург | |
| b | Издательство | БХВ | ||
| c | Дата издания | 2025 | ||
| 300 | a | Объем | 896 с. | |
| b | Иллюстрации/ тип воспроизводства | ил. | ||
| 336 | a | Термин вида содержания | Текст | |
| 337 | a | Термин типа средства | непосредственный | |
| 440 | _0 | a | Серия | Мастер класс |
| 510 | 0_ | a | Примечание о ссылках | Книги и методические пособия |
| 650 | 04 | a | Основная рубрика | 50.41 Программное обеспечение вычислительных машин, комплексов и сетей |
| x | Основная подрубрика | 50.41.17 Системное программное обеспечение | ||
| 653 | 0_ | a | Ключевые слова | программное обеспечение; программирование; программы (выч. техника) |
| 900 | a | Имя электронного ресурса | Макконнелл - Совершенный код Практ руководство (1) | |
| 900 | a | Имя электронного ресурса | Макконнелл - Совершенный код Практ руководство | |
| 901 | t | Тип документа | m | |
| 990 | j | Количество экземпляров (DOS) | 1 |